ARRUPE JESUIT UNIVERSITY

CORONAVIRUS -STOP THE SPREAD - CLEAN,DISINFECT,COVER

Conflict and social transformation in Eastern DR Congo / (Record no. 123050)

MARC details
000 -LEADER
fixed length control field 02129cam a22004094a 4500
001 - CONTROL NUMBER
control field 14030905
003 - CONTROL NUMBER IDENTIFIER
control field ARRUPE
005 - DATE AND TIME OF LATEST TRANSACTION
control field 20150818020030.0
008 - FIXED-LENGTH DATA ELEMENTS--GENERAL INFORMATION
fixed length control field 050622s2004 be a b 000 0 eng c
010 ## - LIBRARY OF CONGRESS CONTROL NUMBER
LC control number 2005450716
020 ## - INTERNATIONAL STANDARD BOOK NUMBER
International Standard Book Number 9038206356 (pbk.)
035 ## - SYSTEM CONTROL NUMBER
System control number (CStRLIN)NYCGQ5036574-B
035 ## - SYSTEM CONTROL NUMBER
System control number (NNC)NYCG5036574
040 ## - CATALOGING SOURCE
Original cataloging agency OHX
Transcribing agency OHX
Modifying agency AZS
-- STF
-- UBY
-- DLC
042 ## - AUTHENTICATION CODE
Authentication code pcc
043 ## - GEOGRAPHIC AREA CODE
Geographic area code f-cg---
050 00 - LIBRARY OF CONGRESS CALL NUMBER
Classification number HN811.Z9
Item number S622 2004
300 ## - PHYSICAL DESCRIPTION
Other physical details ill. ;
Dimensions 24 cm.
245 00 - TITLE STATEMENT
Title Conflict and social transformation in Eastern DR Congo /
Statement of responsibility, etc [edited by] Koen Vlassenroot, Timothy Raeymaekers.
260 ## - PUBLICATION, DISTRIBUTION, ETC. (IMPRINT)
Place of publication, distribution, etc Gent [Belgium] :
Name of publisher, distributor, etc Academia Press Scientific Publishers,
Date of publication, distribution, etc 2004.
300 ## - PHYSICAL DESCRIPTION
Extent 236 p. :
500 ## - GENERAL NOTE
General note At head of title: Conflict Research Group.
504 ## - BIBLIOGRAPHY, ETC. NOTE
Bibliography, etc Includes bibliographical references.
505 2# - FORMATTED CONTENTS NOTE
Formatted contents note Reading the Congolese crisis / Koen Vlassenroot -- The political economy of Beni-Lubero / Timothy Raeymaekers -- Land and conflict / Koen Vlassenroot -- Conflict and the urban space / Anna Verhoeve -- Conflict and artisan mining in Kamituga (South Kivu) / Koen Vlassenroot & Timothy Raeymaekers -- Being at war, being young / Luca Jourdan -- Emerging complexes in Ituri / Koen Vlassenroot & Timothy Raeymaekers -- Linking the local to the global / Jeroen Cuvelier.
650 #0 - SUBJECT ADDED ENTRY--TOPICAL TERM
Topical term or geographic name as entry element Social conflict
Geographic subdivision Congo (Democratic Republic)
9 (RLIN) 18564
650 #0 - SUBJECT ADDED ENTRY--TOPICAL TERM
Topical term or geographic name as entry element Social change
Geographic subdivision Congo (Democratic Republic)
9 (RLIN) 18565
651 #0 - SUBJECT ADDED ENTRY--GEOGRAPHIC NAME
Geographic name Congo (Democratic Republic)
General subdivision Social conditions
Form subdivision Case studies.
9 (RLIN) 18566
651 #0 - SUBJECT ADDED ENTRY--GEOGRAPHIC NAME
Geographic name Congo (Democratic Republic)
General subdivision Economic conditions
Form subdivision Case studies.
9 (RLIN) 18567
651 #0 - SUBJECT ADDED ENTRY--GEOGRAPHIC NAME
Geographic name Congo (Democratic Republic)
General subdivision History.
9 (RLIN) 14623
700 1# - ADDED ENTRY--PERSONAL NAME
Personal name Vlassenroot, Koen.
9 (RLIN) 18568
700 1# - ADDED ENTRY--PERSONAL NAME
Personal name Raeymaekers, Timothy.
9 (RLIN) 18569
710 2# - ADDED ENTRY--CORPORATE NAME
Corporate name or jurisdiction name as entry element Rijksuniversiteit te Gent.
Subordinate unit Vakgroep Studie van de Derde Wereld.
-- Conflict Research Group.
9 (RLIN) 18570
856 41 - ELECTRONIC LOCATION AND ACCESS
Materials specified Table of contents only
Uniform Resource Identifier <a href="http://www.loc.gov/catdir/toc/fy0703/2005450716.html">http://www.loc.gov/catdir/toc/fy0703/2005450716.html</a>
906 ## - LOCAL DATA ELEMENT F, LDF (RLIN)
a 7
b cbc
c pccadap
d 3
e ncip
f 20
g y-gencatlg
942 ## - ADDED ENTRY ELEMENTS (KOHA)
Source of classification or shelving scheme Library of Congress Classification
Koha item type Monograph ( Printed materials)
Koha issues (borrowed), all copies 1
Holdings
Withdrawn status Lost status Source of classification or shelving scheme Damaged status Not for loan Collection code Home library Current library Shelving location Date acquired Total Checkouts Full call number Barcode Date last seen Date checked out Price effective from Koha item type
    Library of Congress Classification     Main Collection ARRUPE LIBRARY ARRUPE LIBRARY Main Collection 07/08/2015 1 HN811.Z9 S622 2004 46500004399 30/04/2018 17/08/2015 07/08/2015 Monograph ( Printed materials)

 

Arrupe Library. PO Box MP320 Mt Pleasant, Harare, Zimbabwe
263 242 745411|librarian@aju.ac.zw